000
00323nam a22001457a 4500
003
SGT
020
_a
9781682860168
082
_a
615.19
_b
M16H
100
_a
HALDANE, THOMAS,ed.
245
_a
MEDICINAL CHEMISTRY
260
_a
NEW YORK
_b
SYRAWOOD
_c
2016
300
_a
177
650
_a
MEDICINAL CHEMISTRY
942
_2
ddc
_c
BK
999
_c
22929
_d
22929